000 00501nam a22001577a 4500
003 ARRUPE
005 20240306114852.0
008 240306b |||||||| |||| 00| 0 eng d
040 _cAJU
050 _aHB849.S20
245 _aGlobal change and the human prospect
_bissues in population, science, technology and equity
_cSigma Xi Forum proceedings
260 _aUSA
_bThe scientific research society
_c1992
300 _axvi, 294cm. ;
_c23cm.
650 _aRegulations
_952531
942 _2lcc
_cMONOGRAPH
999 _c131828
_d131828